000 00262nam a22001217a 4500
020 _a0-590-45716-0
082 _a823
_bCAL/S
100 _aCALMENSON, STEPHANIE
245 _aSKATES
260 _aUSA
_bSCHOLASTIC
650 _aENGLISH SHORT STORY
_zUSA
942 _cBK
999 _c3259
_d3259